Gorillaz-Feel Good Inc. (Lyrics) - Statistics

General Stats
  • This quiz has been taken 1,044 times
  • The average score is 262 of 385
Answer Stats
Lyrics % Correct
A
95%
Go,
95%
Ha-ha-ha-ha-ha
95%
I
94%
Sha-ba-da-ca
94%
(Sha-ba-da-ca)
94%
Feel
92%
(Feel)
92%
Good
92%
(Good)
92%
The
92%
Sha-ba-da
91%
(Sha-ba-da)
91%
On
84%
Down
83%
For
83%
Don't
82%
In
82%
In?
82%
Me
82%
Windmill,
81%
Windmill
81%
Yo,
81%
Yo'
81%
It
80%
It,
80%
(It)
80%
You
80%
Back
79%
Is
78%
Camel's
77%
Sha,
77%
Sha
77%
(Sha)
77%
Forever
76%
Forever,
76%
And
75%
Breaking
75%
To
73%
Land
72%
All
71%
Get
71%
(Get)
71%
They
70%
Hand
69%
Know
69%
Love
69%
Free
65%
City's
64%
Your
64%
'Cause
63%
As
62%
'Cause
62%
So
61%
Everybody
60%
Turn
60%
It's
59%
My
59%
No
59%
We
59%
Hear
58%
Stop,
57%
Town
57%
Where
57%
Just
56%
Watch
56%
Wack
55%
Falling
54%
Take
54%
Message
52%
Sleep,
52%
Got
51%
At
50%
Have
50%
Never
49%
See
49%
Stride
49%
Wanna
49%
Beep
48%
Chocolate
46%
Melancholy
46%
Up
46%
Like
45%
Smile
45%
Attack
44%
Dreams,
44%
Navigate
44%
Gravitate
43%
Laughin'
43%
Won't
43%
Gas
41%
Horizon,
40%
New
40%
You're
40%
Hazmats,
39%
Appealing
38%
Inc
37%
Streets,
37%
Style
37%
These
37%
Ticking,
37%
This
36%
While
36%
With
36%
Cracks
35%
Fast
35%
Ghost
35%
I'm
35%
Linen'
35%
Track
35%
'Em
33%
Way
33%
Ephemeral
32%
Fight
32%
Fill
32%
Let's
32%
Out
32%
Us
32%
Cats
31%
Can't
30%
Dust,
30%
Gon'
29%
Kill
29%
Of
29%
Ponies
28%
Kissing
27%
Sound,
27%
Bite
26%
County
26%
Steppin'
23%
Bear
22%
Care
22%
Cheddar
22%
Until
22%
Bad
20%
Here
20%
Captain's
19%
Headed
19%
How
19%
Motown
19%
Heart
18%
Year
18%
Harder
17%
Steady,
17%
(Yeah)
17%
Blink
16%
Play
15%
Peep
13%
Rappin'
11%
No matching quizzes found
Score Distribution
Percent of People with Each Score
Percentile by Number Answered
Your Score History
You have not taken this quiz